Представление документа в формате RUSMARC

ПолеНазваниеЗначение
  Тип записи a
  Библиографический уровень m
001 Контрольный номер UONB/MAIN/cc330817bae047f192d0257cd1c77301
005 Дата корректировки 20260630160132.6
010 Индекс ISBN __
d Цена 1 р. 50 к.
100 Данные общей обработки __
a Данные общей обработки 20260630d1924 u u0rusy0189 ca
101 Язык документа 0_
a Язык текста rus
102 Страна публикации __
a Страна публикации RU
105 Кодированные данные (монография) __
a Кодированные данные (монография) a z 000yy
200 Заглавие и сведения об ответственности 1_
a Заглавие Шекспир - Ретлэнд
e Сведения, относящиеся к заглавию трехвековая конспиративная тайна истории
f Первые сведения об ответственности Ф. Шипулинский
203 Вид содержания и тип средства __
a Вид содержания Текст
b Характеристика содержания визуальный
c Тип средства непосредственный
210 Выходные данные 1_
a Место издания Москва
c Издательство Государственное издательство
d Дата издания [1924]
215 Физическое описание __
a Объем 181 с.
c Иллюстрации/тип воспроизводства ил., портр.
d Формат 23 см
600 Персоналии _1
a Персоналии (Фамилия) Шекспир
b Персоналии (Имя, инициалы) У.
f Даты 1564-1616
g Полное имя Уильям
606 Тематические рубрики 0_
a Основная рубрика Английская литература
z Хронологическая подрубрика 16 в.
610 Ключевые слова 0_
a Ключевые слова английская литература 16 в.
686 Индексы других классификаций __
a Классификационный индекс 83.3(4Вел)4-8
2 Код системы rubbk
700 Автор _1
a Фамилия Шипулинский
b Имя (инициалы) Ф. П.
g Полное личное имя Феофан Платонович
f Даты 1876-1942
801 Источник записи _0
a Страна RU
b Организация Ульяновская ОНБ
c Дата составления 20260630
g Правила каталогизации RCR
801 Источник записи _1
a Страна RU
b Организация Ульяновская ОНБ
c Дата составления 20260630
g Правила каталогизации RCR
901 Тип документа __
t Тип документа m
909 Создатель записи __
a Создатель записи Горбункова
b Дата создания записи 20260630